II Congreso de la sociedad española de patología respiratoria
Publicado:
San Jorge, núm. 74 (2n trimestre 1969), pàg 59 - 60 :
Otros Autores:
Congrès de Patologia Respiratoria (2n : 1969 : Barcelona)
MARC
| LEADER | 00000nam a2200000Ia 4500 | ||
|---|---|---|---|
| 001 | |||
| 008 | 160829s9999 xx 000 0 cat d | ||
| 245 | |a II Congreso de la sociedad española de patología respiratoria | ||
| 260 | |a San Jorge, núm. 74 (2n trimestre 1969), pàg 59 - 60 | ||
| 650 | |a Respiració |x Malalties |x Patogènesi |x Congressos |9 40318 | ||
| 650 | |a Muller i d'Abadal, Josep M. | ||
| 700 | |a Congrès de Patologia Respiratoria (2n : 1969 : Barcelona) |9 40319 | ||
| 901 | |a Arxiu | ||
| 942 | |n 1 | ||
| 952 | |0 0 |1 0 |4 0 |7 1 |9 49576 |a Arxiu |b Arxiu |d 2016-12-01 |l 0 |r 2016-12-01 00:00:00 |w 2016-12-01 |y ARXIU | ||
| 999 | |c 53418 |d 53418 | ||